Hydrosfera w Polsce - Statystyki

Ogólne statystyki
  • Ten quiz został rozwiązany 261 razy
    248 od ostatniego zresetowania
  • Średni wynik to 20 z 88
Statystyki odpowiedzi
Obrazkowy Odpowiedź % Poprawnych
Wisła
99%
Odra
97%
Bug
87%
Warta
79%
Wieprz
66%
San
63%
Noteć
60%
Dunajec
55%
Narew
54%
Nysa Łużycka
54%
Pilica
53%
Bóbr
52%
Nysa Kłodzka
45%
Brda
41%
Mamry
41%
Wisłok
41%
Wkra
41%
Śniardwy
40%
Łebsko
36%
Bzura
35%
Drwęca
35%
Biebrza
34%
Obra
34%
Prosna
33%
Wda
31%
Łyna
30%
Wisłoka
30%
Nida
29%
Rega
28%
Pasłęka
27%
Drawa
26%
Słupia
25%
Wigry
25%
Barycz
23%
Jamno
23%
Jeziorak
23%
Gardno
22%
Gwda
22%
Gopło
21%
Drawsko
20%
Miedwie
20%
Kamienna
19%
Soliński
19%
Niegocin
18%
Pisa
18%
Orzyc
15%
Włocławski
15%
Roś
14%
Wierzyca
14%
Zatoka Gdańska
14%
Biała
13%
Goczałkowicki
11%
Hańcza
11%
Tałty
11%
Wdzydze
11%
Wielimie
11%
Zalew Wiślany
11%
Zegrzyński
11%
Bukowo
10%
Jeziorsko
10%
Nidzkie
10%
Zalew Szczeciński
9%
Rożnowski
8%
Drużno
7%
Turawski
7%
Zatoka Pomorska
7%
Sulejowski
6%
Koronowski
5%
Dąbnie
4%
Siemianówka
4%
Żarnowieckie
4%
Lubie
3%
Nyski
3%
Otomuchowski
3%
Pieniński
2%
Rajgrodzkie
2%
Wicko
2%
Zalew Kamieński
2%
Zatoka Elbląska
2%
Dobczycki
1%
Łańśkie
1%
Chańcza
0%
Charzykowsie
0%
Jagodne
0%
Klimkówka
0%
Mylof
0%
Naire
0%
Selmąt Wielki
0%
Nie znaleziono quizów pasujących do podanych kryteriów
Rozkład punktacji
Procent ludzi z każdym wynikiem
Percentyl według liczby udzielonych odpowiedzi
Twoja historia wyników
Nie rozwiązałeś tego quizu od ostatniego zresetowania